Statistics for Most Visited U.S. City Parks

Click here to take the quiz!

General Stats

  • This quiz has been taken 22 times
  • The average score is 2 of 10

Answer Stats

Amount of Visitors (Millions)CityAnswer% Correct
42New YorkCentral Park
100%
14.5San FranciscoGolden Gate Park
30%
20ChicagoLincoln Park
25%
33.5WashingtonNational Mall and Memorial Park
25%
15St. LouisForest Park
20%
12Los AngelesGriffith Park
20%
5.48MinneapolisChain of Lakes Regional Park
10%
5.52DallasFair Park
5%
5.36HoustonHermann Park
5%
17San DiegoMission Bay Park
5%

Score Distribution

Percentile by Number Answered

Percent of People with Each Score

Your Score History

You have not taken this quiz